[Event "FRA-ch Women 2018"]
[Site "Nimes"]
[Date "2018.08.23"]
[Round "6"]
[White "Guichard, Pauline"]
[Black "Safranska, Anda"]
[Result "1-0"]
[WhiteElo "2365"]
[BlackElo "2193"]
[Annotator "NA"]
[PlyCount "111"]
[EventDate "2018.08.18"]
[EventType "tourn"]
[EventCountry "FRA"]
[SourceTitle "playchess.com"]
[Source "ChessBase"]
[SourceQuality "1"]
[TimeControl "40/5400+30:1800+30"]

1. Nf3 {[%emt 0:00:00]} g6 {[%emt 0:00:00]} 2. d4 {[%emt 0:00:00]} Bg7 {[%emt 0:00:00]} 3. b3 {[%emt 0:01:46]} Nf6 {[%emt 0:00:42]} 4. Bb2 {[%emt 0:00:15]} O-O {[%emt 0:01:10]} 5. g3 {[%emt 0:00:51]} d6 {[%emt 0:00:50]} 6. Bg2 {[%emt 0:00:31]} e5 {[%emt 0:00:44]} 7. dxe5 {[%emt 0:01:53]} Ng4 {[%emt 0:00:05]} 8. O-O {[%emt 0:03:15]} Nc6 {[%emt 0:01:38]} 9. c4 {[%emt 0:06:51]} Ngxe5 {[%emt 0:04:25]} 10. Nxe5 {[%emt 0:03:28]} dxe5 {[%emt 0:01:09]} 11. Nc3 {[%emt 0:01:18] LiveBook: 10 Games} Be6 {[%emt 0:00:34] A49: Königsindisch (ohne c2-c4)} 12. Bxc6 $146 {[%emt 0:13:06]} ({Vorgänger:} 12. Qxd8 Rfxd8 13. Nd5 Rd7 14. Rfd1 Rad8 15. Bc3 f6 16. Rd2 Kf7 17. Rad1 Re8 18. Ne3 Rxd2 19. Rxd2 {1-0 (61) Rozum,I (2547)-Gogin,M (2220) St Petersburg 2015}) 12... bxc6 {[%emt 0:00:11]} 13. Qxd8 {[%emt 0:00:07]} Rfxd8 {[%emt 0:00:48]} 14. Rfd1 {[%emt 0:00:15]} f6 {[%emt 0:13:29]} 15. Ba3 {[%emt 0:04:16]} Kf7 {[%emt 0:04:28]} 16. Na4 {[%emt 0:02:06]} Re8 {[%emt 0:03:09]} 17. Bc5 {[%emt 0:07:53]} a5 {[%emt 0:03:52]} 18. Rd2 {[%emt 0:03:03]} Bh6 $11 {[%emt 0:00:51]} 19. e3 {[%emt 0:01:44]} Red8 {[%emt 0:08:06]} 20. Rad1 {[%emt 0:00:50]} Rxd2 {[%emt 0:00:07]} 21. Rxd2 {[%emt 0:00:04]} Bg7 {[%emt 0:03:57]} 22. f3 {[%emt 0:02:52]} h5 {[%emt 0:00:32]} 23. e4 {[%emt 0:06:34]} Bh6 {[%emt 0:02:11]} 24. Rd1 {[%emt 0:01:54]} Bg7 {[%emt 0:00:34]} 25. Kg2 {[%emt 0:00:54]} Bh6 {[%emt 0:04:46]} 26. Bf2 {[%emt 0:02:37]} Bf8 {[%emt 0:05:18]} 27. Be3 {[%emt 0:00:15]} Ke8 {[%emt 0:03:21]} 28. Kf2 {[%emt 0:03:23]} Rb8 {[%emt 0:13:25]} 29. Bd2 {[%emt 0:01:13]} Ra8 {[%emt 0:00:14]} 30. Bc3 {[%emt 0:00:14]} Kf7 {[%emt 0:00:45]} 31. Rd3 {[%emt 0:02:17]} Bd6 {[%emt 0:02:04]} 32. Rd1 {[%emt 0:02:58]} Be7 {[%emt 0:00:43]} 33. Ke3 {[%emt 0:00:52]} Bd6 {[%emt 0:00:28]} 34. f4 {[%emt 0:09:22]} exf4+ {[%emt 0:01:56]} 35. gxf4 {[%emt 0:00:09]} Bf8 {[%emt 0:01:05]} 36. e5 {[%emt 0:01:53]} Bg4 {[%emt 0:01:29]} 37. Re1 {[%emt 0:02:36]} fxe5 {[%emt 0:00:09]} 38. Bxe5 {[%emt 0:01:25]} Re8 {[%emt 0:02:05]} 39. c5 {[%emt 0:04:20]} Bh6 {[%emt 0:02:20]} 40. Ke4 {[%emt 0:03:37]} Bf5+ {[%emt 0:02:42]} 41. Kf3 {[%emt 0:30:23]} Bg4+ {[%emt 0:32:17]} 42. Kg3 {[%emt 0:00:00]} Rd8 {[%emt 0:00:00]} 43. Nb2 {[%emt 0:00:00]} Rd2 {[%emt 0:00:00]} 44. Nc4 {[%emt 0:00:00]} Rxa2 {[%emt 0:00:00]} 45. Bxc7 {[%emt 0:00:00]} Be2 {[%emt 0:00:00]} 46. Ne5+ {[%emt 0:00:00]} Ke6 {[%emt 0:00:00]} 47. Nxg6 {[%emt 0:00:00]} Kd5 {[%emt 0:00:00]} 48. Bd6 {[%emt 0:00:00]} Bd3 {[%emt 0:04:50]} 49. Ne7+ {[%emt 0:00:00]} Kd4 {[%emt 0:00:05]} 50. Nxc6+ {[%emt 0:00:00]} Kc3 {[%emt 0:00:05]} 51. Ne5 {[%emt 0:00:00]} Bf5 {[%emt 0:00:32]} 52. Nf3 {[%emt 0:00:00]} Kd3 {[%emt 0:04:13]} 53. c6 {[%emt 0:00:00]} Rc2 {[%emt 0:00:57]} 54. c7 {[%emt 0:01:50]} Bg7 {[%emt 0:01:03]} 55. Re7 {[%emt 0:04:13]} h4+ {[%emt 0:00:20]} 56. Nxh4 {[%emt 0:00:30]} 1-0

[Event "FRA-ch Women 2018"]
[Site "Nimes"]
[Date "2018.08.23"]
[Round "6"]
[White "Benmesbah, Natacha"]
[Black "Haussernot, Cecile"]
[Result "0-1"]
[WhiteElo "2255"]
[BlackElo "2198"]
[Annotator "TA"]
[PlyCount "81"]
[EventDate "2018.08.18"]
[EventType "tourn"]
[EventCountry "FRA"]
[SourceTitle "playchess.com"]
[Source "ChessBase"]
[SourceQuality "1"]

{[%evp 16,81,-17,-17,-10,-23,-8,-74,-70,-95,-91,-70,-64,-66,-49,-96,-55,-169,-106,-110,-117,-120,-116,-137,-110,-105,-106,-123,-107,-155,-123,-114,-125,-134,-110,-130,-30,-162,-153,-231,-164,-278,-111,-101,-6,-6,0,-7,0,0,0,-12,0,-168,-168,-238,-239,-238,-219,-216,-180,-238,-229,-2162,-2075,-29997,-2103,-29995]} 1. e4 c5 2. Nf3 e6 3. g3 Nc6 4. Bg2 Nf6 5. Qe2 Be7 6. O-O {C00: French: Unusual White 2nd moves} (6. c3 O-O 7. O-O d5 8. e5 Nd7 9. d4 a5 10. a4 b6 11. Re1 Ba6 12. Qd1 cxd4 13. cxd4 b5 14. axb5 Bxb5 {½-½ (26) Moskalenko,A (2522)-Zhigalko,S (2620) Orsha 2018}) 6... d5 7. exd5 exd5 8. d4 cxd4 9. Nbd2 {LiveBook: 4 Games} O-O 10. Nb3 Bg4 11. a3 $146 (11. Qd3 $11 {keeps the balance.}) ({Predecessor:} 11. h3 Bxf3 12. Bxf3 Qb6 13. Bg5 Rfe8 {0-1 (64) Garcia Martin,M (2004)-Forcen Esteban,D (2519) La Roda 2015}) 11... Ne4 $17 12. h3 Bxf3 $1 13. Qxf3 Bf6 14. Bf4 a5 15. Rad1 Qb6 16. Qd3 (16. Nd2 $15) 16... a4 $36 {[%mdl 2048] Black is on the roll.} (16... g5 $19 17. Bc1 a4) 17. Nd2 Nc5 18. Qf3 Rad8 19. Rb1 Ne6 20. Rfe1 Qc5 21. Rec1 b5 {[%cal Bb7b5,Bb5b4][%mdl 32]} 22. Bf1 b4 23. Bd3 Be7 24. Re1 Nxf4 25. Qxf4 Rd6 (25... bxa3 $17 26. bxa3 Qc3) 26. Qf5 (26. axb4 $11 {and White is okay.} Qxb4 27. Nf3) 26... g6 $19 27. Qf4 (27. axb4 $17 Qxb4 28. Qf4) 27... Rf6 28. Qc7 (28. axb4 {might work better.} Nxb4 29. Qg4) 28... Bd6 $2 (28... bxa3 $19 29. bxa3 Qxa3) 29. axb4 $17 Qxb4 (29... Nxb4 $17 30. Qxc5 Bxc5) 30. Qxc6 $11 {[#] Red1 is the strong threat.} Qxd2 31. Re2 Qg5 32. h4 Qh5 33. Qd7 Qf3 34. Qh3 $2 (34. Qxa4 $11 {and White has nothing to worry.} Re6 35. Rxe6 fxe6 36. Rf1) 34... Rb8 $19 35. h5 (35. Qg2 $142) 35... a3 {aiming for ...a2.} 36. h6 Bf8 {And now ...a2 would win.} ({Not} 36... Rxb2 37. Re8+ Bf8 {[#]} 38. Rxf8+ $1 {[%mdl 512]} Kxf8 39. Qc8+ Ke7 40. Qc7+ Ke8 41. Re1+ Re6 42. Rxe6+ fxe6 43. Qc8+ Kf7 44. Qd7+ Kf8 45. Qd8+ Kf7 46. Qd7+ Kf6 47. Qd8+ Kf7 48. Qd7+ $11) 37. b3 Rc6 38. Qd7 (38. Ra1 $142) 38... Rd6 39. Qa4 $2 (39. Qh3) 39... g5 40. Ra1 a2 (40... Rxh6 $142 41. Bxh7+ Rxh7 42. Qxd4 Rh1#) 41. Qd7 {Precision: White = 37%, Black = 58%.} 0-1

[Event "FRA-ch Women 2018"]
[Site "Nimes"]
[Date "2018.08.23"]
[Round "6"]
[White "Navrotescu, Andreea-Cristiana"]
[Black "Bollengier, Andreea"]
[Result "1-0"]
[WhiteElo "2247"]
[BlackElo "2219"]
[Annotator "TA"]
[PlyCount "355"]
[EventDate "2018.08.18"]
[EventType "tourn"]
[EventCountry "FRA"]
[SourceTitle "playchess.com"]
[Source "ChessBase"]
[SourceQuality "1"]

{[%evp 27,355,54,48,34,36,7,12,0,5,-25,-38,-25,-25,-34,-27,-32,-31,-51,-45,-70,-42,-140,-58,-57,-64,-91,-96,-59,-60,-99,-84,-72,0,0,0,-54,0,-82,127,54,83,41,26,0,0,0,0,0,14,14,22,19,56,57,54,0,8,0,0,0,0,0,0,0,0,0,0,0,0,0,0,0,0,0,0,0,0,-8,0,0,8,0,0,0,8,8,8,8,8,8,37,37,37,37,41,42,74,74,74,74,74,74,74,12,144,59,152,0,146,147,149,84,93,74,74,74,74,74,81,74,29983,29984,29984,29985,29985,29986,29986,29987,29987,29988,29988,29985,29986,29983,29987,29970,29969,29964,29987,29963,29987,29987,29987,29988,29988,29985,29985,29984,29982,29970,29972,29973,29973,29974,29974,29972,29972,29972,29972,29973,29973,29971,29971,29969,29970,29971,29971,29972,29972,29973,29973,29972,29971,29970,29970,29971,29971,29969,29970,29969,29968,29967,29968,29969,29970,29965,29971,29972,29972,29972,29973,29974,29974,29972,29972,29970,29972,29968,29970,29964,29967,29970,29976,29969,29968,29964,29968,29962,29965,29964,29965,29964,29970,29970,29971,29972,29971,29971,29972,29969,29971,29970,29970,29969,29968,29964,29967,29963,29964,29965,29965,29966,29967,29968,29965,29965,29970,29971,29971,0,29970,29968,29967,29963,29965,29963,29964,29965,29963,29966,29969,29966,29963,29965,29968,29962,29970,29962,29966,29964,29967,29965,29970,29967,29966,29967,29970,29967,29972,29970,29968,0,29973,29974,29972,29974,29975,29976,29975,29976,29976,29978,29984,29981,29985,29982,29982,29978,29979,29981,29980,29980,29980,29981,29983,29981,29982,29980,29980,29977,29977,29976,29976,29977,29977,29978,29977,29979,29979,29978,29978,29979,29991,29990,29992,29993,29993,29994,29994,29993,29994,29994,29995,29994,29995,29995,29996,29997,29997,4153]} 1. d4 Nf6 2. c4 e6 3. Nc3 c5 4. d5 exd5 5. cxd5 d6 6. Nf3 g6 7. Bf4 a6 8. a4 Bg7 9. h3 O-O 10. e3 Re8 {A61: Modern Benoni: Nf3 without early e4} (10... Qe7 11. Bd3 Nbd7 12. O-O Ne8 13. e4 Rb8 14. Re1 Nc7 15. Qd2 Ne5 16. Nxe5 Bxe5 17. Bxe5 Qxe5 18. a5 {1-0 (42) Akobian,V (2647)-Ponkratov,P (2613) Riadh 2017}) 11. Nd2 Nbd7 {[%cal Bb8d7,Bd7e5,Be5f7,Bf7h6,Bh6f5,Bf5d4][%mdl 32]} 12. Be2 Ne5 13. O-O Nfd7 14. Bg3 f5 {LiveBook: 10 Games} 15. Re1 b6 16. f4 $146 ({Predecessor:} 16. Qb3 Rb8 17. e4 Qg5 18. exf5 Qxd2 {0-1 (40) Duzhakov,I (2441)-Quillan,G (2349) Riga 2018}) 16... Nf7 17. Bf3 Nf6 18. e4 fxe4 19. Ndxe4 Nxe4 20. Bxe4 Nh6 21. Bf2 Nf5 22. g4 Nd4 23. Qd3 Bd7 24. Qg3 (24. Bg2 $15) 24... Kh8 (24... b5 $1 $17 25. Bd3 bxa4) 25. Bd3 $15 b5 26. Ne4 c4 27. Ng5 {Hoping for Nf7+.} Qf6 28. Be4 Nb3 29. Rad1 Rac8 (29... bxa4 $17 30. Kg2 (30. Qh4 h6 $11) 30... Rab8) 30. axb5 axb5 31. Bc2 ({Better is} 31. Qh4 $11 h6 32. Ne6) 31... Kg8 (31... Rxe1+ $1 $15 32. Rxe1 Nd4) 32. Bb1 (32. Qh4 $11 Rxe1+ 33. Rxe1) 32... c3 $2 (32... Rxe1+ $17 33. Rxe1 Nd2) 33. bxc3 (33. Rxe8+ $16 Rxe8 34. Ne4) 33... Rxc3 34. Rxe8+ Bxe8 35. Qh2 {With the idea Ne4.} Rc1 36. Rxc1 Nxc1 37. Be3 $1 {Qc2 is the strong threat.} Qc3 (37... Qa1 {is interesting.} 38. Qc2 Ne2+ 39. Qxe2 Qxb1+ 40. Kg2 Qb3) 38. Qd2 Qxd2 39. Bxd2 Ne2+ 40. Kf2 Nc3 41. Bc2 (41. Bxc3 $14 Bxc3 42. Ne4) 41... b4 42. Kf3 Nb5 43. Ne6 (43. Ke3 {feels hotter.} Nd4 44. Bd3 b3 45. Bc3 Nb5 46. Bb4) 43... Bc3 44. Ke3 Bxd2+ 45. Kxd2 $11 {[%mdl 4096] Endgame KBN-KBN} Nc3 46. Bb3 Bb5 47. Nd4 Bf1 48. h4 Bh3 49. g5 Bg2 50. Nc6 Ne4+ 51. Kc2 Ng3 52. Nd4 Kf7 53. Bc4 Ne4 54. Nb5 Ke7 55. Kb3 Ng3 56. Nd4 Nh5 57. f5 gxf5 58. Nxf5+ Kd7 59. Kxb4 {Black must now prevent Kc3.} Nf4 60. Ne3 Be4 61. Kc3 Ng6 62. Kd4 Bb1 63. Ng2 Ne5 64. Be2 Ke7 65. Nf4 (65. Bh5 $16) 65... Kf7 {[#]} (65... h6 $1 $11 {remains equal.}) 66. Ke3 (66. h5 $1 $16) 66... Kg7 (66... h6 $1 $14) 67. Bd3 $2 (67. h5 $16) 67... Ba2 (67... Nxd3 $11 {keeps the balance.} 68. Nxd3 Kg6) 68. Be4 h6 {[#]} 69. Ne6+ (69. g6 $142 $1) 69... Kf7 $16 70. gxh6 Ng4+ 71. Kf4 {Threatening mate with h7.} Nxh6 72. Kg5 Ng8 73. h5 {[%cal Bh4h5,Bh5h6][%mdl 32] Strongly threatening h6.} Nf6 $2 {[%mdl 8192]} (73... Ne7 $16) 74. Nd8+ Ke7 75. Nc6+ Kf7 76. Bg6+ Kg7 77. h6+ Kh8 78. Kxf6 Bxd5 79. Ne7 Bb3 80. Bf5 Ba2 81. Ng6+ Kh7 82. Kg5 Bg8 83. Be4 d5 84. Bf5 d4 85. Bd3 Bb3 86. Ne5+ Kh8 87. Nc6 Bg8 88. Nxd4 Bf7 89. Nf3 Bd5 90. Ne5 Bb3 91. Bc4 Bc2 92. Kh5 Bb1 93. Bd3 Ba2 94. Ng6+ Kh7 95. Ne7+ Kh8 96. Kg5 Bb3 97. Be4 Ba2 98. Ng6+ Kh7 99. Nf4+ Kh8 100. Bd5 Bb1 101. Bf7 Bc2 102. Ba2 Be4 103. Bb3 Bb1 104. Ne2 Bd3 105. Nd4 Bb1 106. Nc6 Bd3 107. Ne5 Bb1 108. Be6 Bc2 109. Bf5 Bb3 110. Ng6+ Kh7 111. Ne7+ Kh8 112. h7 Kg7 113. Bg6 Be6 114. Nc6 Bd7 115. Nd4 Bc8 116. Ne2 Be6 117. Ng3 Bd7 118. Nh5+ Kh8 119. Be4 Be8 120. Nf6 Bf7 121. Ng4 Kg7 122. Ne5 Bb3 123. Nc6 Ba2 124. Nd4 Bc4 125. Nf5+ Kh8 126. Nd6 Ba2 127. Kh6 Bd5 128. Bg6 Bb3 129. Kg5 Kg7 130. Nf5+ Kh8 131. Nd4 Ba2 132. Nf3 Kg7 133. Nd4 $2 (133. Bf5 Bd5 134. Ne5 Ba2 135. Bc2 Be6 136. Ng6 Kxh7 137. Nf8+ Kh8 138. Nxe6) 133... Bc4 $2 {[%mdl 8192]} (133... Kh8 $11 134. Nf3 Kg7) 134. Nf5+ Kh8 135. Nd6 Ba2 136. Bc2 Kg7 137. Ne8+ Kh8 138. Nf6 Kg7 139. Nh5+ Kh8 140. Nf4 Kg7 141. Kg4 Bc4 142. Kf3 Ba2 143. Ke3 Bc4 144. Kd4 Ba2 145. Ke5 Bc4 146. Kd6 Ba2 147. Ke7 Bc4 148. Nh5+ Kh8 149. Nf4 $2 (149. Nf6 {mates} Bf7 150. Nd7 Ba2 151. Bf5 Kg7 152. Ne5 Bb3 153. Bb1 Bd5 154. Ng6 Kxh7 155. Nf4+ Kh6 156. Nxd5) 149... Ba2 $2 {[%mdl 8192]} (149... Kg7 $11 150. Ng6 Kxh7 151. Ne5+ Kh8 152. Nxc4 Kg8) 150. Nd3 {White mates.} Kg7 151. Ne5 Kh8 152. Kf6 Bd5 153. Ng6+ Kxh7 154. Nf4+ Kh6 155. Nxd5 Kh5 156. Bf5 Kh4 157. Nf4 Kg3 158. Ke5 Kf3 159. Nd5 Ke2 160. Kd4 Kf3 161. Be4+ Ke2 162. Bd3+ Kf3 163. Bc4 Kg4 164. Ke4 Kg5 165. Ke5 Kg6 166. Ne7+ Kg7 167. Kf5 Kf8 168. Kf6 Ke8 169. Bb5+ Kd8 170. Nd5 Kc8 171. Ke7 Kb7 172. Kd7 Kb8 173. Nb6 Kb7 174. Nc8 Kb8 175. Ba6 Ka8 176. Kc6 Kb8 177. Kb6 Ka8 178. Ne7 {Precision: White = 39%, Black = 48%.} 1-0

[Event "FRA-ch Women 2018"]
[Site "Nimes"]
[Date "2018.08.23"]
[Round "6"]
[White "Afraoui, Anaelle"]
[Black "Leconte, Maria"]
[Result "0-1"]
[WhiteElo "2041"]
[BlackElo "2224"]
[Annotator "NA"]
[PlyCount "94"]
[EventDate "2018.08.18"]
[EventType "tourn"]
[EventCountry "FRA"]
[SourceTitle "playchess.com"]
[Source "ChessBase"]
[SourceQuality "1"]
[TimeControl "40/5400+30:1800+30"]

1. e4 {[%emt 0:00:00]} c6 {[%emt 0:03:25]} 2. d4 {[%emt 0:00:00]} d5 {[%emt 0:00:04]} 3. Nc3 {[%emt 0:00:00]} dxe4 {[%emt 0:00:06]} 4. Nxe4 {[%emt 0:00:04]} Nf6 {[%emt 0:00:03]} 5. Nxf6+ {[%emt 0:00:38]} exf6 {[%emt 0:01:13]} 6. c3 {[%emt 0:02:01]} Bd6 {[%emt 0:00:07]} 7. Bd3 {[%emt 0:01:25]} O-O {[%emt 0:00:08]} 8. Qc2 {[%emt 0:00:51]} Re8+ {[%emt 0:00:08]} 9. Be3 {[%emt 0:01:56]} h5 {[%emt 0:04:19]} 10. Ne2 {[%emt 0:02:35]} Nd7 {[%emt 0:01:54]} 11. O-O-O {[%emt 0:01:43]} Nf8 $14 {[%emt 0:13:41] LiveBook: 12 Games} 12. Kb1 {[%emt 0:07:26]} b5 {[%emt 0:05:39]} 13. Ng3 {[%emt 0:02:34]} Qa5 {[%emt 0:08:47]} 14. Be4 {[%emt 0:15:48]} Be6 {[%emt 0:23:50]} 15. d5 {[%emt 0:09:54]} cxd5 {[%emt 0:00:31]} 16. Bxd5 {[%emt 0:00:47]} b4 {[%emt 0:13:05]} 17. c4 {[%emt 0:10:01]} Rac8 {[%emt 0:01:32]} 18. Bxe6 {[%emt 0:04:44]} Rxe6 {[%emt 0:00:11]} 19. Rd5 {[%emt 0:03:27]} Qa6 {[%emt 0:02:29]} 20. c5 {[%emt 0:09:06]} g6 {[%emt 0:00:31]} 21. Rhd1 {[%emt 0:01:08]} Be7 {[%emt 0:01:14]} 22. Qd2 {[%emt 0:03:03]} Qb7 {[%emt 0:01:19]} 23. Ne2 {[%emt 0:01:06]} Rec6 {[%emt 0:02:10]} 24. Rc1 {[%emt 0:02:25]} Ne6 {[%emt 0:00:36]} 25. Rd7 {[%emt 0:01:04]} R8c7 {[%emt 0:00:04]} 26. Rxc7 {[%emt 0:01:16]} Rxc7 {[%emt 0:00:16]} 27. c6 {[%emt 0:06:17]} Rxc6 {[%emt 0:00:35]} 28. Rxc6 {[%emt 0:00:39]} Qxc6 {[%emt 0:00:03]} 29. g3 {[%emt 0:04:41]} Bc5 {[%emt 0:02:06]} 30. Bxc5 {[%emt 0:03:05]} Qxc5 {[%emt 0:00:13]} 31. Nc1 {[%emt 0:00:54]} a5 {[%emt 0:01:19]} 32. Nb3 {[%emt 0:00:59]} Qe5 {[%emt 0:00:28]} 33. Nc1 {[%emt 0:00:59]} Kg7 {[%emt 0:00:27]} 34. f4 {[%emt 0:01:59]} Qe4+ {[%emt 0:05:01]} 35. Qd3 {[%emt 0:01:16]} f5 {[%emt 0:01:45]} 36. Ka1 {[%emt 0:01:12]} Nd4 {[%emt 0:01:49]} 37. h3 {[%emt 0:00:54]} h4 {[%emt 0:01:42]} 38. gxh4 {[%emt 0:00:21]} Qxf4 {[%emt 0:00:14]} 39. Kb1 {[%emt 0:00:32]} Qxh4 {[%emt 0:00:16]} 40. a3 {[%emt 0:00:36]} Qe4 {[%emt 0:02:29]} 41. axb4 {[%emt 0:03:07]} axb4 {[%emt 0:00:12]} 42. Ka2 {[%emt 0:01:49]} b3+ {[%emt 0:01:13]} 43. Ka3 {[%emt 0:01:30]} Qd5 {[%emt 0:05:40]} 44. Kb4 {[%emt 0:05:41]} f4 {[%emt 0:01:30]} 45. Ne2 {[%emt 0:02:44]} Nc6+ {[%emt 0:04:48]} 46. Kc3 {[%emt 0:00:17]} Qe5+ {[%emt 0:00:17]} 47. Kxb3 {[%emt 0:03:19]} Qxe2 {[%emt 0:00:47]} 0-1

[Event "FRA-ch Women 2018"]
[Site "Nimes"]
[Date "2018.08.24"]
[Round "7"]
[White "Leconte, Maria"]
[Black "Navrotescu, Andreea-Cristiana"]
[Result "1-0"]
[WhiteElo "2224"]
[BlackElo "2247"]
[Annotator "NA"]
[PlyCount "127"]
[EventDate "2018.08.18"]
[EventType "tourn"]
[EventCountry "FRA"]
[SourceTitle "playchess.com"]
[Source "ChessBase"]
[SourceQuality "1"]
[TimeControl "40/5400+30:1800+30"]

1. e4 {[%emt 0:03:32]} e5 {[%emt 0:00:00]} 2. Nf3 {[%emt 0:02:34]} Nc6 {[%emt 0:00:00]} 3. Nc3 {[%emt 0:00:12]} Nf6 {[%emt 0:00:00]} 4. Bb5 {[%emt 0:01:02]} Bd6 {[%emt 0:00:04]} 5. d3 {[%emt 0:00:16]} a6 {[%emt 0:00:10] C48: Vierspringerspiel (Rubinstein-Variante)} 6. Bc4 {[%emt 0:03:11]} (6. Ba4 b5 7. Bb3 Na5 8. d4 exd4 9. Qxd4 O-O 10. Bg5 Be7 11. e5 Ne8 12. Bxe7 Qxe7 13. Nd5 {½-½ (63) Hou,Y (2658)-Ponomariov,R (2686) Shenzhen 2018}) 6... h6 {[%emt 0:01:11]} 7. a3 {[%emt 0:00:47]} b5 {[%emt 0:03:09] LiveBook: 4 Games} 8. Ba2 {[%emt 0:01:15]} Bc5 {[%emt 0:00:19]} 9. Nxe5 $146 {[%emt 0:15:19]} ({Vorgänger:} 9. O-O O-O 10. b4 Ba7 11. Bb2 d6 12. Nd5 Bg4 13. Nxf6+ Qxf6 {0-1 (50) Kirchner,M (1360)-Kieselmann,H (1524) Lieme 2007}) 9... Nxe5 {[%emt 0:03:03]} 10. d4 {[%emt 0:00:05]} Bd6 {[%emt 0:00:12]} 11. f4 {[%emt 0:02:34]} ({White should try} 11. dxe5 $14 Bxe5 12. Ne2) 11... Nc4 {[%emt 0:05:45]} 12. e5 {[%emt 0:03:04]} O-O {[%emt 0:07:10]} 13. O-O {[%emt 0:02:12]} Be7 {[%emt 0:03:52]} 14. exf6 {[%emt 0:19:37]} Bxf6 {[%emt 0:00:07]} 15. Bxc4 {[%emt 0:00:13]} bxc4 {[%emt 0:00:02]} 16. Nd5 {[%emt 0:00:23]} Bb7 {[%emt 0:02:10]} 17. Ne3 {[%emt 0:05:46]} Qe7 {[%emt 0:02:36]} 18. c3 {[%emt 0:00:11]} Qe4 {[%emt 0:03:09]} 19. Qg4 {[%emt 0:02:03]} c5 {[%emt 0:07:36]} 20. d5 {[%emt 0:09:00]} Bxd5 {[%emt 0:11:38]} 21. Nxd5 {[%emt 0:00:06]} Qxd5 {[%emt 0:00:01]} 22. f5 {[%emt 0:00:13]} Kh7 {[%emt 0:01:28]} 23. Rd1 {[%emt 0:00:35]} Qe5 {[%emt 0:01:46]} 24. Qxc4 {[%emt 0:00:39]} Qxf5 {[%emt 0:01:27]} 25. Be3 {[%emt 0:08:25]} Rfe8 {[%emt 0:04:52]} 26. Bxc5 {[%emt 0:01:07]} Re4 {[%emt 0:05:45]} 27. Bd4 {[%emt 0:03:14]} Rae8 {[%emt 0:08:35]} 28. Rf1 {[%emt 0:00:25]} Qg6 {[%emt 0:02:49]} 29. Rad1 {[%emt 0:09:54]} Re2 {[%emt 0:02:56]} 30. Bf2 {[%emt 0:00:46]} Rxb2 {[%emt 0:01:09]} 31. Rxd7 {[%emt 0:00:33]} Ree2 {[%emt 0:00:34]} 32. Rxf7 {[%emt 0:01:06]} Re4 {[%emt 0:10:17]} 33. Qd3 {[%emt 0:02:46]} Be5 {[%emt 0:00:50]} 34. Bg3 {[%emt 0:01:26]} Bxg3 $11 {[%emt 0:00:56]} 35. hxg3 {[%emt 0:00:52]} Rb5 {[%emt 0:03:10]} 36. R7f4 {[%emt 0:00:32]} Rbe5 {[%emt 0:01:29]} 37. c4 {[%emt 0:00:14]} h5 {[%emt 0:04:44]} 38. Rxe4 {[%emt 0:00:15]} Rxe4 {[%emt 0:00:02]} 39. c5 {[%emt 0:01:09]} Kh6 {[%emt 0:01:22]} 40. Qd2+ {[%emt 0:00:09]} Kh7 {[%emt 0:00:06]} 41. Rf4 {[%emt 0:07:02]} Re5 {[%emt 0:01:48]} 42. Qc3 {[%emt 0:04:26]} Rg5 {[%emt 0:06:25]} 43. Kh2 {[%emt 0:00:48]} Qc6 {[%emt 0:00:23]} 44. Qc2+ {[%emt 0:02:22]} Kg8 {[%emt 0:01:46]} 45. Rf5 {[%emt 0:01:24]} Rg6 {[%emt 0:04:09]} 46. Rxh5 {[%emt 0:02:53]} Rh6 {[%emt 0:00:01]} 47. g4 {[%emt 0:02:07]} Qf6 {[%emt 0:01:49]} 48. Qc4+ {[%emt 0:02:16]} Kf8 {[%emt 0:00:54]} 49. Qe4 {[%emt 0:02:15]} Kg8 {[%emt 0:05:45]} 50. Qe8+ {[%emt 0:03:06]} Kh7 {[%emt 0:00:01]} 51. Rxh6+ {[%emt 0:00:08]} gxh6 {[%emt 0:00:01]} 52. Qe4+ {[%emt 0:00:20]} Kg7 {[%emt 0:00:14]} 53. c6 {[%emt 0:00:57]} Qd6+ {[%emt 0:00:04]} 54. g3 {[%emt 0:01:03]} Qxa3 {[%emt 0:03:25]} 55. Qe5+ {[%emt 0:02:03]} Kg6 {[%emt 0:03:04]} 56. c7 {[%emt 0:00:38]} Qa2+ {[%emt 0:00:04]} 57. Kg1 {[%emt 0:00:45]} Qb1+ {[%emt 0:00:13]} 58. Kf2 {[%emt 0:00:06]} Qc2+ {[%emt 0:00:38]} 59. Ke3 {[%emt 0:00:35]} Qc1+ {[%emt 0:00:34]} 60. Kd4 {[%emt 0:00:09]} Qd1+ {[%emt 0:00:45]} 61. Kc5 {[%emt 0:00:16]} Qxg4 {[%emt 0:01:18]} 62. Qe8+ {[%emt 0:00:34]} Kf6 {[%emt 0:00:20]} 63. Qf8+ {[%emt 0:00:44]} Ke5 {[%emt 0:00:38]} 64. Qe7+ {[%emt 0:00:54] Kd5+} 1-0

[Event "FRA-ch Women 2018"]
[Site "Nimes"]
[Date "2018.08.24"]
[Round "7"]
[White "Bollengier, Andreea"]
[Black "Milliet, Sophie"]
[Result "0-1"]
[WhiteElo "2219"]
[BlackElo "2389"]
[Annotator "NA"]
[PlyCount "50"]
[EventDate "2018.08.18"]
[EventType "tourn"]
[EventCountry "FRA"]
[SourceTitle "playchess.com"]
[Source "ChessBase"]
[SourceQuality "1"]
[TimeControl "40/5400+30:1800+30"]

1. d4 Nf6 {[%emt 0:01:51]} 2. Nf3 {[%emt 0:00:11]} g6 {[%emt 0:00:05]} 3. Bg5 {[%emt 0:00:06]} Bg7 {[%emt 0:00:08]} 4. Nbd2 {[%emt 0:01:17]} O-O {[%emt 0:01:11]} 5. e4 {[%emt 0:02:31]} d5 {[%emt 0:00:33]} 6. exd5 {[%emt 0:04:14]} Nxd5 {[%emt 0:00:48]} 7. Bc4 {[%emt 0:04:31] A48: 1 d4 Nf6 2 Nf3 g6: Torre, London and Colle Systems} (7. c3 c5 8. dxc5 h6 9. Bh4 Nf4 10. Nb3 Qc7 11. Bg3 Rd8 12. Nfd4 Qe5+ 13. Qe2 Qxd4 14. Nxd4 Nxe2 15. Bxe2 Bxd4 16. cxd4 {½-½ (88) Zeng,C (2542)-Bai,J (2586) Xinghua 2018}) 7... c5 {[%emt 0:09:33] LiveBook: 3 Games} 8. O-O {[%emt 0:05:34]} (8. dxc5 $11 {remains equal.} Bxb2 9. O-O) 8... cxd4 {[%emt 0:03:48]} 9. Bxd5 {[%emt 0:00:24]} Qxd5 {[%emt 0:00:08]} 10. Bxe7 {[%emt 0:00:06]} Re8 {[%emt 0:00:03]} 11. Ba3 {[%emt 0:06:06]} Nc6 {[%emt 0:01:45]} 12. Re1 $146 {[%emt 0:08:51]} ({Predecessor:} 12. b3 Bf5 13. Nc4 Rad8 14. Re1 Rxe1+ 15. Nxe1 {0-1 (34) Leal,A-Sisniega,M (2420) Mexico City 1980}) 12... Bf5 {[%emt 0:06:53]} 13. h3 {[%emt 0:06:52]} (13. Nf1 $17) 13... b5 {[%emt 0:05:05]} 14. b4 {[%emt 0:06:13]} d3 {[%emt 0:05:06]} 15. cxd3 {[%emt 0:00:24]} Qxd3 {[%emt 0:01:35]} 16. Nb3 $19 {[%emt 0:02:29]} Bxa1 {[%emt 0:04:09]} 17. Qxa1 {[%emt 0:00:05]} Rxe1+ {[%emt 0:01:01]} 18. Qxe1 {[%emt 0:05:36]} Rd8 {[%emt 0:00:53]} 19. Kh2 {[%emt 0:01:59]} Qd6+ {[%emt 0:04:08]} 20. g3 {[%emt 0:00:04]} Qd3 {[%emt 0:07:21]} 21. Nh4 {[%emt 0:22:15]} Be6 {[%emt 0:04:24]} 22. Bc1 {[%emt 0:03:05]} Qd1 {[%emt 0:11:58]} 23. Qc3 {[%emt 0:05:30]} Bd5 {[%emt 0:01:07]} 24. g4 {[%emt 0:01:19]} Qh1+ {[%emt 0:00:41]} 25. Kg3 {[%emt 0:00:04]} Qg1+ {[%emt 0:00:04]} 0-1